000
00190 a2200097 4500
020
_a
9789507687105
041
_a
spa
100
_a
Anonimo
245
_a
Dibujos de grandes pintores
942
_c
BK
999
_c
9854
_d
9854